76_表記が3文字の市区町村 - Statistics

General Stats
  • This quiz has been taken 54 times
  • The average score is 256 of 336
Answer Stats
表記
文字
読み
文字
都道府
県名
種類 市区町村名 % Correct
3 3 沖縄県 うるま市
100%
3 3 三重県 いなべ市
96%
3 3 福島県 いわき市
96%
3 3 福岡県 うきは市
96%
3 3 神奈川県 海老名市
96%
3 3 宮崎県 えびの市
96%
3 3 北海道 えりも町
96%
3 3 香川県 さぬき市
96%
3 3 新潟県 阿賀野市
93%
3 3 千葉県 我孫子市
93%
3 3 福井県 おおい町
93%
3 3 北海道 富良野市
93%
3 4 東京都 特別区 世田谷区
93%
3 8 福岡県 北九州市
93%
3 3 鹿児島県 阿久根市
89%
3 3 福井県 あわら市
89%
3 3 千葉県 いすみ市
89%
3 3 香川県 宇多津町
89%
3 3 福岡県 久留米市
89%
3 3 栃木県 さくら市
89%
3 3 長崎県 佐世保市
89%
3 3 新潟県 新発田市
89%
3 3 北海道 せたな町
89%
3 3 香川県 多度津町
89%
3 3 青森県 十和田市
89%
3 3 愛知県 名古屋市
89%
3 3 北海道 ニセコ町
89%
3 3 埼玉県 富士見市
89%
3 3 長野県 富士見町
89%
3 3 福岡県 みやこ町
89%
3 4 東京都 特別区 江戸川区
89%
3 4 神奈川県 小田原市
89%
3 4 千葉県 木更津市
89%
3 4 沖縄県 宜野湾市
89%
3 4 神奈川県 横須賀市
89%
3 4 和歌山県 和歌山市
89%
3 5 大阪府 泉佐野市
89%
3 5 三重県 四日市市
89%
3 6 大阪府 泉大津市
89%
3 6 北海道 北広島市
89%
3 6 広島県 北広島町
89%
3 6 京都府 京丹後市
89%
3 7 宮城県 東松島市
89%
3 7 埼玉県 東松山市
89%
3 7 東京都 東村山市
89%
3 7 新潟県 南魚沼市
89%
3 7 長崎県 南島原市
89%
3 7 千葉県 南房総市
89%
3 9 鹿児島県 南九州市
89%
3 3 奈良県 明日香村
85%
3 3 佐賀県 伊万里市
85%
3 3 富山県 小矢部市
85%
3 3 鹿児島県 志布志市
85%
3 3 東京都 特別区 千代田区
85%
3 3 群馬県 千代田町
85%
3 3 青森県 つがる市
85%
3 3 茨城県 つくば市
85%
3 3 大分県 津久見市
85%
3 3 秋田県 にかほ市
85%
3 3 愛知県 みよし市
85%
3 4 群馬県 伊勢崎市
85%
3 4 愛媛県 宇和島市
85%
3 4 鹿児島県 鹿児島市
85%
3 4 埼玉県 春日部市
85%
3 4 高知県 四万十市
85%
3 4 高知県 四万十町
85%
3 4 奈良県 十津川村
85%
3 4 愛媛県 新居浜市
85%
3 5 新潟県 糸魚川市
85%
3 5 岩手県 大船渡市
85%
3 5 東京都 小笠原村
85%
3 5 香川県 観音寺市
85%
3 5 秋田県 北秋田市
85%
3 5 北海道 苫小牧市
85%
3 5 岐阜県 中津川市
85%
3 5 静岡県 南伊豆町
85%
3 5 沖縄県 宮古島市
85%
3 6 沖縄県 北大東村
85%
3 6 京都府 京丹波町
85%
3 7 東京都 西東京市
85%
3 7 大阪府 東大阪市
85%
3 7 広島県 東広島市
85%
3 7 沖縄県 南大東村
85%
3 3 愛知県 阿久比町
81%
3 3 長崎県 小値賀町
81%
3 3 新潟県 小千谷市
81%
3 3 沖縄県 嘉手納町
81%
3 3 石川県 かほく市
81%
3 3 沖縄県 宜野座村
81%
3 3 山形県 寒河江市
81%
3 3 和歌山県 すさみ町
81%
3 3 岐阜県 多治見市
81%
3 3 長野県 南木曽町
81%
3 3 鳥取県 日吉津村
81%
3 3 東京都 日の出町
81%
3 3 群馬県 みどり市
81%
3 4 長野県 安曇野市
81%
3 4 神奈川県 伊勢原市
81%
3 4 広島県 江田島市
81%
3 4 東京都 奥多摩町
81%
3 4 愛知県 春日井市
81%
3 4 福島県 喜多方市
81%
3 4 京都府 木津川市
81%
3 4 和歌山県 紀の川市
81%
3 4 静岡県 御殿場市
81%
3 4 岡山県 瀬戸内市
81%
3 4 鹿児島県 瀬戸内町
81%
3 4 神奈川県 茅ヶ崎市
81%
3 4 鹿児島県 中種子町
81%
3 4 静岡県 西伊豆町
81%
3 4 大阪府 寝屋川市
81%
3 4 石川県 野々市市
81%
3 5 北海道 赤井川村
81%
3 5 北海道 岩見沢市
81%
3 5 山梨県 上野原市
81%
3 5 北海道 倶知安町
81%
3 5 宮城県 気仙沼市
81%
3 5 神奈川県 相模原市
81%
3 5 香川県 善通寺市
81%
3 5 静岡県 東伊豆町
81%
3 5 熊本県 南阿蘇村
81%
3 5 山梨県 山中湖村
81%
3 6 北海道 長万部町
81%
3 6 奈良県 上北山村
81%
3 6 京都府 京田辺市
81%
3 6 奈良県 下北山村
81%
3 6 滋賀県 東近江市
81%
3 6 埼玉県 東秩父村
81%
3 6 東京都 東大和市
81%
3 6 長野県 南相木村
81%
3 7 大阪府 四條畷市
81%
3 7 福井県 南越前町
81%
3 7 鹿児島県 南大隅町
81%
3 7 宮城県 南三陸町
81%
3 3 埼玉県 小鹿野町
78%
3 3 長野県 小布施町
78%
3 3 長野県 佐久穂町
78%
3 3 北海道 佐呂間町
78%
3 3 徳島県 つるぎ町
78%
3 3 島根県 津和野町
78%
3 3 和歌山県 みなべ町
78%
3 3 福岡県 みやま市
78%
3 3 北海道 むかわ町
78%
3 3 千葉県 八千代市
78%
3 3 茨城県 八千代町
78%
3 4 岐阜県 揖斐川町
78%
3 4 福岡県 大牟田市
78%
3 4 茨城県 小美玉市
78%
3 4 東京都 小金井市
78%
3 4 福島県 須賀川市
78%
3 4 宮崎県 高千穂町
78%
3 4 福岡県 太宰府市
78%
3 4 福岡県 筑紫野市
78%
3 4 北海道 洞爺湖町
78%
3 4 愛知県 長久手市
78%
3 4 石川県 中能登町
78%
3 4 千葉県 習志野市
78%
3 4 沖縄県 南風原町
78%
3 4 東京都 武蔵野市
78%
3 4 沖縄県 与那国町
78%
3 5 東京都 青ヶ島村
78%
3 5 栃木県 宇都宮市
78%
3 5 福井県 永平寺町
78%
3 5 栃木県 大田原市
78%
3 5 長野県 軽井沢町
78%
3 5 長野県 北相木村
78%
3 5 東京都 国分寺市
78%
3 5 徳島県 小松島市
78%
3 5 新潟県 十日町市
78%
3 5 北海道 中標津町
78%
3 5 広島県 廿日市市
78%
3 5 静岡県 牧之原市
78%
3 5 東京都 御蔵島村
78%
3 5 鹿児島県 南種子町
78%
3 5 愛知県 南知多町
78%
3 6 新潟県 粟島浦村
78%
3 6 福岡県 大野城市
78%
3 6 茨城県 北茨城市
78%
3 6 福島県 南相馬市
78%
3 6 千葉県 四街道市
78%
3 7 沖縄県 北中城村
78%
3 7 京都府 長岡京市
78%
3 7 岐阜県 東白川村
78%
3 3 沖縄県 伊是名村
74%
3 3 沖縄県 座間味村
74%
3 3 山口県 田布施町
74%
3 3 沖縄県 渡名喜村
74%
3 3 北海道 奈井江町
74%
3 3 高知県 奈半利町
74%
3 3 京都府 与謝野町
74%
3 4 大阪府 岸和田市
74%
3 4 長野県 駒ヶ根市
74%
3 4 群馬県 下仁田町
74%
3 4 沖縄県 渡嘉敷村
74%
3 4 福岡県 那珂川市
74%
3 4 栃木県 那珂川町
74%
3 4 青森県 西目屋村
74%
3 4 奈良県 野迫川村
74%
3 4 大阪府 羽曳野市
74%
3 5 青森県 鰺ヶ沢町
74%
3 5 新潟県 出雲崎町
74%
3 5 北海道 歌志内市
74%
3 5 山形県 尾花沢市
74%
3 5 静岡県 御前崎市
74%
3 5 北海道 上士幌町
74%
3 5 北海道 上ノ国町
74%
3 5 東京都 神津島村
74%
3 5 千葉県 袖ケ浦市
74%
3 5 青森県 外ヶ浜町
74%
3 5 宮城県 多賀城市
74%
3 5 北海道 秩父別町
74%
3 5 埼玉県 鶴ヶ島市
74%
3 5 沖縄県 豊見城市
74%
3 5 群馬県 長野原町
74%
3 5 福島県 二本松市
74%
3 5 東京都 八王子市
74%
3 5 京都府 福知山市
74%
3 5 三重県 南伊勢町
74%
3 6 岐阜県 各務原市
74%
3 6 熊本県 上天草市
74%
3 6 兵庫県 新温泉町
74%
3 6 群馬県 中之条町
74%
3 6 岩手県 八幡平市
74%
3 6 長崎県 東彼杵町
74%
3 6 秋田県 東成瀬村
74%
3 6 福島県 南会津町
74%
3 6 茨城県 龍ケ崎市
74%
3 7 神奈川県 南足柄市
74%
3 3 沖縄県 伊平屋村
70%
3 3 鹿児島県 さつま町
70%
3 3 千葉県 酒々井町
70%
3 3 兵庫県 たつの市
70%
3 3 青森県 野辺地町
70%
3 3 長崎県 波佐見町
70%
3 3 沖縄県 八重瀬町
70%
3 3 岐阜県 八百津町
70%
3 3 北海道 留寿都村
70%
3 4 沖縄県 大宜味村
70%
3 4 兵庫県 加古川市
70%
3 4 長野県 下諏訪町
70%
3 4 沖縄県 今帰仁村
70%
3 4 宮崎県 西米良村
70%
3 4 神奈川県 湯河原町
70%
3 4 鳥取県 湯梨浜町
70%
3 5 和歌山県 有田川町
70%
3 5 青森県 田舎館村
70%
3 5 福島県 猪苗代町
70%
3 5 大阪府 藤井寺市
70%
3 6 北海道 上砂川町
70%
3 6 北海道 初山別村
70%
3 6 北海道 中頓別町
70%
3 6 北海道 西興部村
70%
3 6 鹿児島県 西之表市
70%
3 6 秋田県 八郎潟町
70%
3 6 北海道 浜頓別町
70%
3 6 北海道 東神楽町
70%
3 6 熊本県 南小国町
70%
3 6 長野県 南箕輪村
70%
3 3 沖縄県 多良間村
67%
3 3 熊本県 津奈木町
67%
3 3 佐賀県 みやき町
67%
3 4 北海道 厚沢部町
67%
3 4 千葉県 大多喜町
67%
3 4 千葉県 鎌ケ谷市
67%
3 4 三重県 木曽岬町
67%
3 4 北海道 喜茂別町
67%
3 4 沖縄県 久米島町
67%
3 4 岩手県 田野畑村
67%
3 4 高知県 中土佐町
67%
3 4 北海道 留夜別村
67%
3 5 北海道 神恵内村
67%
3 5 岐阜県 関ケ原町
67%
3 5 福島県 西会津町
67%
3 5 静岡県 富士宮市
67%
3 5 愛媛県 八幡浜市
67%
3 5 徳島県 吉野川市
67%
3 5 青森県 六ヶ所村
67%
3 6 愛知県 尾張旭市
67%
3 6 香川県 小豆島町
67%
3 6 大阪府 富田林市
67%
3 6 岡山県 西粟倉村
67%
3 6 奈良県 東吉野村
67%
3 7 群馬県 東吾妻町
67%
3 7 京都府 南山城村
67%
3 7 千葉県 横芝光町
67%
3 3 熊本県 多良木町
63%
3 4 兵庫県 猪名川町
63%
3 4 北海道 木古内町
63%
3 4 岡山県 久米南町
63%
3 4 山梨県 丹波山村
63%
3 4 北海道 弟子屈町
63%
3 4 岩手県 西和賀町
63%
3 4 鹿児島県 屋久島町
63%
3 4 沖縄県 与那原町
63%
3 5 山形県 大石田町
63%
3 5 島根県 奥出雲町
63%
3 5 栃木県 上三川町
63%
3 5 静岡県 川根本町
63%
3 5 北海道 訓子府町
63%
3 5 鹿児島県 徳之島町
63%
3 5 福島県 檜枝岐村
63%
3 5 山形県 真室川町
63%
3 6 京都府 大山崎町
63%
3 6 宮城県 七ヶ宿町
63%
3 3 和歌山県 紀美野町
59%
3 4 和歌山県 九度山町
59%
3 4 京都府 久御山町
59%
3 4 和歌山県 古座川町
59%
3 4 北海道 小清水町
59%
3 4 宮崎県 日之影町
59%
3 4 岐阜県 輪之内町
59%
3 5 宮城県 大河原町
59%
3 5 和歌山県 上富田町
59%
3 5 秋田県 五城目町
59%
3 5 宮城県 七ヶ浜町
59%
3 5 栃木県 高根沢町
59%
3 5 福岡県 大刀洗町
59%
3 5 奈良県 田原本町
59%
3 5 島根県 西ノ島町
59%
3 5 和歌山県 日高川町
59%
3 5 北海道 幌加内町
59%
3 6 長野県 木島平村
59%
3 6 福島県 北塩原村
59%
3 6 北海道 黒松内町
59%
3 4 山梨県 富士川町
56%
3 4 北海道 妹背牛町
56%
3 4 埼玉県 毛呂山町
56%
3 5 北海道 新篠津村
56%
3 5 高知県 仁淀川町
56%
3 6 北海道 中札内村
56%
3 6 鹿児島県 東串良町
56%
3 3 長野県 御代田町
52%
3 5 青森県 風間浦村
52%
3 5 岩手県 金ケ崎町
52%
3 5 長野県 山ノ内町
52%
3 3 宮崎県 五ヶ瀬町
44%
No matching quizzes found
Score Distribution
Percent of People with Each Score
Percentile by Number Answered
Your Score History
You have not taken this quiz